01136nab a2200229 i 4500001000400000003000400004005001700008008004100025040000800066100014000074245013100214260001000345500004200355650003300397655003000430700014200460773008100602711005600683700014100739942001300880999001300893BPPBPK20180412112417.0140219s1995 pl f |100 0 pol | cBPK aCZAPP, Marian.d1982 - 1996.bWyższa Szkoła Inżynierska w Koszalinie - Wydział Mechaniczny,cZakład Termodynamiki i Chłodnictwa aPola prędkości i temperatur powietrza w chłodniczych wymiennikach ciepła /cMarian Czapp, Tadeusz Bohdal, Henryk Charun. c1995. aDane z bibliografii załącznikowej. 0aChłodnictwo - urządzenia. 0aMateriały konferencyjne. aBOHDAL, Tadeusz.d1976 - 1996.bWyższa Szkoła Inżynierska w Koszalinie - Wydział Mechaniczny,cZakład Termodynamiki i Chłodnictwa tMateriały XXVII Poznańskich Dni Chłodnictwa. -dPoznań, 1995. -gs. 17 aDni Chłodnictwan(27 ;d1995 ;cPoznań, Polska). aCHARUN, Henryk.d1982 - 1996.bWyższa Szkoła Inżynierska w Koszalinie - Wydział Mechaniczny,cZakład Termodynamiki i Chłodnictwa cART2UKD c428d428